Nothings to hide : (Record no. 74213)

MARC details
000 -LEADER
fixed length control field 00719nam a2200241 i 4500
001 - CONTROL NUMBER
control field C2-0264193
003 - CONTROL NUMBER IDENTIFIER
control field PPAK
005 - DATE AND TIME OF LATEST TRANSACTION
control field 20180727232727.0
008 - FIXED-LENGTH DATA ELEMENTS--GENERAL INFORMATION
fixed length control field 050411s2004 my |||| ||||| | eng d
020 ## - INTERNATIONAL STANDARD BOOK NUMBER
International Standard Book Number 9832870518
040 ## - CATALOGING SOURCE
Original cataloging agency PPAK
Language of cataloging eng
Transcribing agency PPAK
Description conventions rda
082 04 - DEWEY DECIMAL CLASSIFICATION NUMBER
Classification number 338.040959522
Edition number 23
090 00 - LOCALLY ASSIGNED LC-TYPE CALL NUMBER (OCLC); LOCAL CALL NUMBER (RLIN)
Classification number (OCLC) (R) ; Classification number, CALL (RLIN) (NR) 338.040959522
Feature heading JUH
Feature heading G
100 0# - MAIN ENTRY--PERSONAL NAME
Personal name Juhary Haji Ali,
Relator term author
245 10 - TITLE STATEMENT
Title Nothings to hide :
Remainder of title cases in entrepreneuship in Malaysia
264 #1 - PRODUCTION, PUBLICATION, DISTRIBUTION, MANUFACTURE, AND COPYRIGHT NOTICE
Place of production, publication, distribution, manufacture Sintok, Kedah :
Name of producer, publisher, distributor, manufacturer Penerbit Universiti Utara Malaysia ,
Date of production, publication, distribution, manufacture, or copyright notice 2004
300 ## - PHYSICAL DESCRIPTION
Extent vii, 111 pages ;
Dimensions 25 cm
336 ## - CONTENT TYPE
Source rdacontent
Content type term text
337 ## - MEDIA TYPE
Source rdamedia
Media type term unmediated
338 ## - CARRIER TYPE
Source rdacarrier
Carrier type term volume
650 10 - SUBJECT ADDED ENTRY--TOPICAL TERM
Topical term or geographic name entry element Entrepreneurship - Sarawak.
942 ## - ADDED ENTRY ELEMENTS (KOHA)
-- dc
Koha item type Book
Holdings
Withdrawn Not for loan Current library Shelving location Date acquired Full call number Barcode Date last seen Koha item type
    Perpustakaan Alor Setar Pinjaman Dewasa 21/08/2005 338.040959522 JUH A01094388 09/05/2018 Book
    Perpustakaan Alor Setar Pinjaman Dewasa 21/08/2005 338.040959522 JUH A01094389 09/05/2018 Book
    Perpustakaan Awam Sungai Petani Pinjaman Dewasa 21/08/2005 338.040959522 JUH A01094398 09/05/2018 Book
    Perpustakaan Baling Pinjaman Dewasa 21/08/2005 338.040959522 JUH A01094397 09/05/2018 Book
    Perpustakaan Bandar Baharu Pinjaman Dewasa 21/08/2005 338.040959522 JUH A01094395 09/05/2018 Book
    Perpustakaan Kulim Pinjaman Dewasa 21/08/2005 338.040959522 JUH A01094393 09/05/2018 Book
    Perpustakaan Sik Pinjaman Dewasa 21/08/2005 338.040959522 JUH A01094396 09/05/2018 Book
    Perpustakaan Yan Pinjaman Dewasa 21/08/2005 338.040959522 JUH A01094394 09/05/2018 Book